Estatísticas para Canadá

Clique aqui para jogar o quiz

Estatísticas Gerais

  • Esse quiz foi jogado 12 vezes
  • A pontuação média é 4 de 15

Estatísticas das Respostas

Resposta% Correto
Celine Dion
75%
Québéc
58%
Cataratas do Niágara
50%
Poutine
50%
CN Tower
42%
Lacrosse
33%
Parque Nacional Banff
25%
Ilhas Baffin
8%
Mike Myers
8%
Calgary Stampede
0%
Hill
0%
James Cameron
0%
Montreal Canadiens
0%
RCMP
0%
Wayne Gretzky
0%

Distribuição das Pontuações

Percentil de Números Respondidos

Porcentagem de Pessoas com Cada Pontuação

Sua Pontuação Histórica

Você não jogou esse quiz